| 000 | 00787nam a22002177a 4500 | ||
|---|---|---|---|
| 999 |
_c7791 _d7791 |
||
| 003 | AR-CdUCM | ||
| 008 | 190321b ||||| |||| 00| 0 spa d | ||
| 020 | _a84-7003-156-2 | ||
| 040 |
_aMUNICIPALIDAD PROVINCIAL DEL CUSCO _cBIBLIOTECA MUNICIPAL DEL CUSCO |
||
| 082 |
_a635 / _bJ93 |
||
| 100 |
_aJuscafresa, Baudilio _922017 |
||
| 245 |
_aJardinero fín de semana : _biniciación del aficionado / |
||
| 260 |
_aBarcelona : _bAedos, _c1977. |
||
| 300 |
_a1336 páginas ; _bilustraciones, _c20 cm. |
||
| 505 | _aContenido: Morfología de las especies ornamentales -- El ciclo vital -- Reproducción -- El suelo -- Siembre -- Multiplicación ... | ||
| 650 |
_aHorticultura _919445 |
||
| 650 |
_aJardinería _919750 |
||
| 650 |
_aMorfología _915689 |
||
| 942 |
_2ddc _cLIBROS |
||
| 945 | _aachl | ||